guess what is the theme - Statistics

General Stats
  • This quiz has been taken 12 times
  • The average score is 4 of 15
Answers on the Grid
Answers color-coded by a green-red scale on the quiz's grid according to % correct below.
blue
Thomas the tank engine
the winter palace
multiplication
chair
llama
grass
fast and furious
ghoul
headset
the battle of cannae
1
internet
Birch log
2
fun with friends
Stalin
crunch labs
bakers delight
painting
3
Snake Rattler
23
post-it note
5
Wood window
4
AAA battery
old people
WAR TUNDER
 
Answer Stats
Answer % Correct
2
44%
Thomas the tank engine
44%
WAR TUNDER
44%
1
33%
3
33%
old people
33%
Snake Rattler
33%
the winter palace
33%
5
22%
fast and furious
22%
internet
22%
Stalin
22%
the battle of cannae
22%
Birch log
11%
ghoul
11%
No matching quizzes found
Score Distribution
Percent of People with Each Score
Percentile by Number Answered
Your Score History
You have not taken this quiz